000 00800nam a2200229Ia 4500
001 9951
003 GE_BSU
008 181216s||||||||xx |||||||||||||| ||und||
040 _cGE_BSU
080 _a821.353.1-32
100 _aნატროშვილი,გიორგი
245 _aუდარდელი კაცის სიკვდილი
245 _bმოთხრობები
245 _cრედ:ხუტა ბერულავა;მხატვ:თ.სამსონაძე
260 _aთბილისი.
260 _bსაბჭ.მწერალი.
260 _c1961.
300 _a321გვ;20სმ.
653 _aმოთხრობები
653 _aუდარდელი კაცის სიკვდილი
942 _cBK
999 _c43224
_d43224